000 00821nam a22002297a 4500
005 20251108165410.0
008 250721s1984 xx 000 0 ara d
082 1 4 _aم/213.1/سبك
100 1 _aالسبكي، تاج الدين عبد الوهاب بن علي
245 1 0 _aقاعدة في الجرح و التعديل و قاعدة في المؤرخين /
250 _aط5
246 1 3 _aالمتكلمون في الرجال
264 1 _aبيروت :
_bمكتب المطبوعات،
_c1984.
300 _a276ص
650 1 7 _aالإسلام
650 1 7 _aالحديث الشريف
700 1 _aالذهبي، شمس الدين بن أحمد
700 1 _aأبو غدة، عبد الفتاح
_eتحقيق
700 1 _aالسخاوي، محمد عبد الرحمن
942 _2ddc
_cREF
999 _c26960
_d26960